Un nuevo mundo feliz: la precariedad del trabajo en la era de la globalización

Gorde:
Xehetasun bibliografikoak
Egile nagusia: Beck, Ulrich (Egilea)
Formatua: Liburua
Hizkuntza:gaztelania
Argitaratua: Barcelona Paidós 2000
Saila:Paidós Estado y Sociedad, 79
Gaiak:
Etiketak: Etiketa erantsi
Etiketarik gabe, Izan zaitez lehena erregistro honi etiketa jartzen!

MARC

LEADER 00000nam a2200000 a 4500
001 UCI1468
003 CL-VaPUC
008 070629e20000000SP |||||||||||||||||spa|d
020 |a 8449309689 
082 0 4 |a 658.848  |b BEC  |2 21 
100 0 |a Beck, Ulrich  |e author  |9 522015 
245 1 0 |a Un nuevo mundo feliz: la precariedad del trabajo en la era de la globalización 
300 |a 270 p 
942 |c BK 
945 |d 20070629 00:00:00  |a jtorresc 
260 |a Barcelona  |b Paidós  |c 2000 
650 7 |a COMERCIO INTERNACIONAL  |2 CL-VaPUC  |9 522016 
650 0 |a Economía   |9 255568 
650 0 |a Finanzas  |9 260832 
650 7 |a EXPORTACIONES  |2 CL-VaPUC  |9 255382 
650 0 |a Globalización  |9 361930 
650 0 |a Marketing  |9 259324 
651 0 |a Europa  |9 255156 
651 0 |a Asia  |9 268338 
583 |a last modification  |c 20070629 00:00:00  |k Rodrigo Vera 
490 0 |a Paidós Estado y Sociedad, 79 
999 |c 326287  |d 326285 
952 |0 0  |1 0  |4 0  |6 658_848000000000000_BEC_2000  |7 0  |8 A  |9 408121  |a BIBHIS  |b BIBHIS  |d 2019-11-22  |i 4354583  |o 658.848 BEC 2000  |p 4354583  |r 2025-01-20  |w 2019-11-22  |y BK  |k HIS